000 01163nam a2200253 4500
005 20240530110948.0
008 221205s2021 ua ab f b 000 0 ara d
017 _a2020/9694
_bمصر. دار الكتب
020 _a9789773224240
040 _aEG-CaGPL
_cEG-CaGPL
082 0 4 _221
_a380.144
_bف ت
100 0 _aفريد عبدالرشيد المهندس
245 1 0 _aتجارة الرقيق بين بلاد المغرب والسودان الغربى خلال عصرى المرابطين والموحدين :
_b448 - 668 هـ / 1056 - 1269 م/
_cفريد عبدالرشيد المهندس
250 _aط.1
260 _aالقاهرة :
_bعين للدراسات و البحوث الانسانية و الاجتماعية،
_c2020.
300 _a288 ص. :
_bايض ؛
_c24 سم.
504 _aيشتمل على ارجاعات ببليوجرافية
650 0 7 _2qrmak
_aتجارة الرقيق
_zالسودان الغربى
650 0 7 _2qrmak
_aتجارة الرقيق
_zالمغرب
650 0 7 _2qrmak
_aالعبودية
650 0 7 _2qrmak
_aالتجارة الخارجية
942 _2ddc
_cBK
999 _c66939
_d66939